| 000 | 00485nam a2200133Ia 4500 | ||
|---|---|---|---|
| 008 | 160809s9999 xx 000 0 und d | ||
| 100 | _aCho, Nayun. | ||
| 245 | _aFeature-Model-Based Commonality and Variability Analysis for Virtual Cluster Disk Provisioning | ||
| 245 | _cNayun Cho, Mino Ku, Rui Xuhua, and Dugki Min. | ||
| 260 | _bComputer Science and Information Technology | ||
| 260 | _cJanuary 2016 | ||
| 650 | _xINFORMATION TECHNOLOGY | ||
| 856 | _uhttp://airccse.org/V6N49.html | ||
| 999 |
_c300058 _d300058 |
||